000
00251nam a2200109Ia 4500
008
231212s1973 xx 000 0 und d
041
_a
eng
082
_a
621.384
100
_a
Azzo
245
_a
Feedback Control System
260
_a
Delhi
_b
Khanna
_c
1973
999
_c
958696
_d
958696